| 000 | 00729nam a2200277 a 4500 | ||
|---|---|---|---|
| 003 | AR-BaBNM | ||
| 005 | 20251128203229.0 | ||
| 008 | 082120s2002 ||||||||||||||000 | spa|| | ||
| 020 | _a950-43-4171-3 | ||
| 040 | _cAR-BaBNM | ||
| 100 | 1 | _aFigueiras, Miguel Angel | |
| 245 | 0 | 0 | _aEl poema de vivir con amor |
| 260 |
_aBuenos Aires _bSurcos Editora _c1992 |
||
| 300 |
_a103 p. _bil. |
||
| 490 | 0 | _aQuebrachal | |
| 500 | _aContiene referencias bibliográficas en p. 103 | ||
| 650 | 4 | _aLITERATURA ARGENTINA | |
| 650 | 4 | _aESCRITORES | |
| 650 | 4 | _aPOESIA | |
| 650 | 4 | _aLITERATURA CONTEMPORANEA | |
| 650 | 4 | _aHISTORIAS DE AMOR | |
| 653 | _aINFLUENCIA CLASICA | ||
| 655 | _aLITERATURA | ||
| 942 | _cBK | ||
| 998 | _cMARTIN | ||
| 999 |
_c2501 _d2501 |
||